|
|
|
|
| LEADER |
00948nam a2200265 i 4500 |
| 001 |
c000018420 |
| 003 |
CARM |
| 005 |
00000000000000.0 |
| 008 |
901024s1989 enka 00010 eng d |
| 015 |
|
|
|a b9049255
|
| 019 |
1 |
|
|a 7642045
|z 46936994
|5 LACONCORD2021
|
| 020 |
|
|
|a 0850336899 :
|c L.9.95
|
| 035 |
|
|
|a (OCoLC)22733419
|5 LACONCORD2021
|
| 050 |
0 |
0 |
|a DA677
|
| 100 |
1 |
|
|a Manton, Colin.
|
| 245 |
1 |
0 |
|a Bygone Billingsgate /
|c Colin Manton and John Edwards.
|
| 260 |
|
|
|a Chichester :
|b Phillimore,
|c 1989.
|
| 300 |
|
|
|a [128] p. :
|b ill., map, facsim, port ;
|c 25cm.
|
| 500 |
|
|
|a London. (City), history (BNB/PRECIS)
|
| 610 |
1 |
0 |
|a London (City)
|x History.
|
| 700 |
1 |
|
|a Edwards, John,
|
| 852 |
8 |
|
|b CARM
|h A2:AI05C0
|i D02086
|p 0107797
|f BK
|
| 082 |
0 |
4 |
|a 914.212
|2 20
|
| 999 |
f |
f |
|i 4b6cc798-0786-5885-9ba8-943b0360d697
|s 76130e98-72ea-55c3-ab30-50ad3c7ed329
|
| 952 |
f |
f |
|p Can circulate
|a CAVAL
|b CAVAL
|c CAVAL
|d CARM 1 Store
|e D02086
|f A2:AI05C0
|h Other scheme
|i book
|m 0107797
|